00752nam a22002057a 450000500170000001000150001702000260003203500140005803700130007208200130008510000200009824500900011826000350020827000810024330000290032470000220035394200270037599900190040295201250042120180801153838.0 aENG-123661 a9789386906441c495.00 aEN-107193 bDBAD/PUB a613.7046 aMenon, Shailaja aYoga shakti:cby Shailaja Menon; forwarded by Shashi Tharoorbawaken your own power / aNew Delhi bNiyogi Booksc2018 aBlock D, Building No. 77, Okhla Industrial Area, Phase-IbNew Delhi e110020 a179p. c22cm (pbk)bill. aTharoor, Shashi  2ddccENmMENh613.7046 c155272d155272 001040718NFICaDBADbBNd2018-08-02eDBAD/PUBg495.00l0o613.7046 MENpEN-107193r2018-08-02 00:00:00t1v495.00yEN